| 000 | 00698nam a2200217 4500 | ||
|---|---|---|---|
| 001 | 86137 | ||
| 003 | BD-RjUL | ||
| 005 | 20260125130609.0 | ||
| 008 | 260125s2016 bg ||||| |||| 00| 0 ara d | ||
| 020 |
_a9789848471531 _ctk.300.00 |
||
| 035 | _a(BD-RjUL)86137 | ||
| 040 |
_aBD-RjUL _beng _cBD-RjUL |
||
| 041 | _aara | ||
| 082 |
_223 _a291.09 _bHUM 2016 |
||
| 245 |
_aالموجز في مقارنة الأديان = A Brief studdy on Comparative Religion / _cمحمد بلال حسين = Muhammad Bilal Husein |
||
| 260 |
_aBangladesh : _bBIIT, _c2016 |
||
| 300 |
_a248 p. ; _c24 cm |
||
| 490 |
_aHuman Science Series ; _vno. 07 |
||
| 650 |
_aReligion _vComparative studies _917310 |
||
| 942 |
_2ddc _cBK |
||
| 999 |
_c86137 _d86137 |
||